| 000 | 00333nam a22001337a 4500 | ||
|---|---|---|---|
| 082 |
_a355.009242 _bMEM |
||
| 100 |
_aSpencer Alfred _949321 |
||
| 245 |
_aMemoirs of William Hichey _cAlfred Spencer |
||
| 250 | _aThird Edition | ||
| 260 | _aMCE | ||
| 300 | _aviii,403 | ||
| 526 |
_a0 _b0 _c0 _d355_009242000000000_MEM |
||
| 942 |
_2ddc _cBK |
||
| 999 |
_c552100 _d552100 |
||